| 000 | 00655nam a22002770a 4500 | ||
|---|---|---|---|
| 001 | PT61689 | ||
| 003 | AR-LpoUNG | ||
| 005 | 20210131232041.0 | ||
| 008 | 191001s2006||||ag |||||||||||||||||spa d | ||
| 020 |
_a9509009520 _c$23,50 |
||
| 040 |
_aAR-LpoUNG _bspa _cAR-LpoUNG _eaacr |
||
| 041 | _aspa | ||
| 044 | _aag | ||
| 082 | 0 | _aA863 982vil | |
| 100 | 1 | _aGusmán, Luis | |
| 245 | 1 | 0 | _aVilla |
| 250 | _a1ra. ed. | ||
| 260 |
_aBuenos Aires : _bEdhasa, _c2006. |
||
| 300 |
_a260 p. : _bil., tbls., fot. |
||
| 650 | 4 | _aARGENTINA | |
| 650 | 4 | _aLITERATURA | |
| 650 | 4 | _aNOVELAS | |
| 653 | _aLITERATURA ARGENTINA | ||
| 905 | _a61689 | ||
| 942 | _cLIB | ||
| 999 |
_c13465 _d13465 |
||